00737cam a2200205 a 450000100100000000500170001000800410002704000290006804200120009705000200010908200130012910000320014224501580017426000620033230000300039470000190042470000280044370000250047170000350049600001910520200929165926.0820222s1943 mx a 000 1 spa d aDO-SdBNPbspacLCdBNPHU apremarc00aPQ7297.L615bT5 ann*bnn*1 aLópez Bermúdez, José.10aTierra y sueño :bparabolas /cJosé López Bermúdez ; poema Pablo Neruda y prólogo Antonio Caso ; dibujos Julio Prieto y Rafael Muñoz López. aMéxico, D. F. :b[Talleres de Adrián Morales],c1943. a[123] p. :bil. ;c24 cm.1 aNeruda, Pablo.1 aCaso, Antonio,epról.1 aPrieto, Julio,eill.1 aMuñoz López, Rafael,eill.